Sports Quiz

Random Sports or Football Quiz
Score 0/92 Timer 20:00
0 Plays Today
Season Player % Correct
'04-'05Robin van Persie
90.3%
'01-'02Ruud van Nistelrooy
88.6%
'20-'21Donny van de Beek
88.2%
'95-'96Dennis Bergkamp
86.9%
'06-'07Dirk Kuijt
84.7%
'14-'15Siem de Jong
84%
'10-'11Nigel de Jong
83.1%
'10-'11Rafael van der Vaart
81.8%
'04-'05Arjen Robben
80.1%
'14-'15Daley Blind
80.1%
'97-'98Marc Overmars
79.7%
'15-'16Memphis Depay
79.6%
'19-'20Steven Bergwijn
77.5%
'97-'98Jerrel Hasselbaink
76.3%
'15-'16Georginio Wijnaldum
75.1%
'16-'17Vincent Janssen
74.8%
'18-'19Davy Pröpper
72.3%
'07-'08Ryan Babel
72%
'15-'16Virgil van Dijk
71%
'98-'99Jaap Stam
70.8%
'10-'11Ron Stam
70.8%
'13-'14Leroy Fer
64.8%
'12-'13Ron Vlaar
64%
'01-'02Boudewijn Zenden
61.4%
'16-'17Jordy Clasie
60.7%
'14-'15Daryl Janmaat
60.6%
'04-'05Patrick Kluivert
58.5%
'95-'96Ruud Gullit
58.1%
'10-'11John Heitinga
57.2%
'20-'21Jaïro Riedewald
57.1%
'01-'02Giovanni van Bronckhorst
56.8%
Season Player % Correct
'13-'14Erik Pieters
55.5%
'15-'16Patrick van Aanholt
55.4%
'19-'20Anwar El Ghazi
55.2%
'15-'16Ibrahim Afellay
55%
'17-'18Jürgen Locadia
54.3%
'96-'97Jordi Cruijff
53%
'19-'20Jetro Willems
52.6%
'05-'06Edgar Davids
52.5%
'01-'02Mario Melchiot
52.1%
'13-'14Chris David
52.1%
'13-'14Ricky van Wolfswinkel
51.3%
'13-'14Vurnon Anita
50.4%
'17-'18Luciano Narsingh
48.7%
'96-'97Pierre van Hooijdonk
48.3%
'16-'17Bruno Martins Indi
47.6%
'94-'95Bryan Roy
46.5%
'97-'98George Boateng
46.2%
'12-'13Alexander Büttner
46.2%
'15-'16Jeremain Lens
46%
'12-'13Jonathan de Guzmán
45.3%
'08-'09André Ooijer
44.5%
'02-'03Arjan de Zeeuw
44.1%
'98-'99Wim Jonk
43.2%
'13-'14Leandro Bacuna
43.2%
'09-'10Jan Vennegoor of Hesselink
42.8%
'16-'17Mike van der Hoorn
42.4%
'15-'16Nathan Aké
42%
'95-'96Glenn Helder
41.1%
'04-'05Paul Bosvelt
40.7%
'18-'19Terence Kongolo
40%
'07-'08Wilfred Bouma
39.8%
Season Player % Correct
'16-'17Marten de Roon
39.7%
'04-'05Michael Reiziger
39.6%
'03-'04Collins John
38.6%
'18-'19Juninho Bacuna
38.5%
'14-'15Eljero Elia
37.7%
'11-'12Royston Drenthe
36.4%
'06-'07Denny Landzaat
32.2%
'00-'01Martijn Reuser
31.8%
'17-'18Rajiv van La Parra
29.9%
'13-'14Marvin Emnes
28.4%
'93-'94Ken Monkou
26.7%
'95-'96Regi Blinker
26.7%
'12-'13Dwight Tiendalli
25.8%
'04-'05Kiki Musampa
25.4%
'12-'13Urby Emanuelson
22%
'96-'97Robert Molenaar
21.2%
'00-'01Gerard Wiekens
21.2%
'98-'99Willem Korsten
19.9%
'99-'00Gerald Sibon
19.5%
'92-'93Michel Vonk
19.1%
'96-'97Ulrich van Gobbel
14.8%
'98-'99Clyde Wijnhard
14.8%
'99-'00Nordin Wooter
14.8%
'00-'01Fabian Wilnis
13.1%
'93-'94Luc Nijholt
11.4%
'95-'96Fabian de Freitas
11%
'96-'97Robin van der Laan
10.6%
'94-'95Jeroen Boere
10.2%
'96-'97Orlando Trustfull
10.2%
'95-'96Richard Sneekes
7.6%
Remove Ads.
Support Sporcle.
Get the best of Sporcle when you Go Orange. This ad-free experience offers more features, more stats, and more fun while also helping to support Sporcle. Thank you for becoming a member.

You're not logged in!

Compare scores with friends on all Sporcle quizzes.
OR
Log In

Show Comments

Extras

Top Quizzes Today


Score Distribution

Your Account Isn't Verified!

In order to create a playlist on Sporcle, you need to verify the email address you used during registration. Go to your Sporcle Settings to finish the process.

Report this User

Report this user for behavior that violates our Community Guidelines.

Details: